Fundamentals of Entrepreneurship/ (Record no. 188925)

MARC details
000 -LEADER
fixed length control field 00542nam a22001817a 4500
005 - DATE AND TIME OF LATEST TRANSACTION
control field 20220607155334.0
010 ## - LCCN (DPL NO)
LC control number ENG-133085
020 ## - INTERNATIONAL STANDARD BOOK NUMBER
International Standard Book Number 8187818840
Terms of availability 595.00
035 ## - SYSTEM CONTROL NUMBER
System control number EN-116617
037 ## - SOURCE OF ACQUISITION
Source of stock number/acquisition DBAD/PUB
082 ## - DEWEY DECIMAL CLASSIFICATION NUMBER
Classification number 658.421
100 ## - MAIN ENTRY--PERSONAL NAME
Personal name Sharma, Pawan
245 ## - TITLE STATEMENT
Title Fundamentals of Entrepreneurship/
Statement of responsibility, etc Pawan Sharma
260 ## - PUBLICATION, DISTRIBUTION, ETC. (IMPRINT)
Place of publication, distribution, etc New Delhi
Name of publisher, distributor, etc Lakshay Publication
Date of publication, distribution, etc 2010
270 ## - ADDRESS
Address 7/26, Ground Floor, Ansari Road, Dariya Ganj
City New Delhi
Postal code 110002
300 ## - PHYSICAL DESCRIPTION
Extent 225p.
Dimensions 22cm(hbk)
942 ## - ADDED ENTRY ELEMENTS (KOHA)
Source of classification or shelving scheme Dewey Decimal Classification
Item type English Books
Call number suffix SHA
Classification part 658.421
Holdings
Withdrawn status Lost status Not for loan Collection code Home library Current library Date acquired Source of acquisition Cost, normal purchase price Full call number Barcode Copy number Cost, replacement price Koha item type
      Non-fiction Patel Nagar Patel Nagar 07/06/2022 DBAD/PUB 595.00 658.421 SHA EN-116617 1 595.00 English Books

© Delhi Public Library
Hit Counter
free hit counter